000
00341pab a2200145 454500
008
180718b1998 xxu||||| |||| 00| 0 eng d
100
_a
Krueger, Anne O.
245
_a
Why trade liberalisation is good for growth
260
_c
1998
300
_a
p.1513
362
_a
Sep
650
_a
Trade
773
_a
Economic Journal
909
_a
39124
999
_c
39124
_d
39124